000 00560nam a22001817a 4500
999 _c21016
_d21016
003 AR-CdUCM
008 190724b ||||| |||| 00| 0 spa d
040 _aMUNICIPALIDAD PROVINCIAL DEL CUSCO
_cBIBLIOTECA MUNICIPAL DEL CUSCO
082 _a017 /
_bC36
110 _aBiblioteca nacional
_95606
245 _aCatalogo de la segunda exposición bibliográfica cervantina /
260 _aCusco :
_c1948.
300 _a2 tomos ;
_bilustraciones ;
_c24 cm.
650 _aBibliográfia
_91270
650 _aCervantes
_910750
942 _2ddc
_cLIBROS
945 _azta